000 00804nam a2200205Ii 4500
003 JO-AjNU
008 230605s9999||||xx |||||||||||||| ||und||
040 _aJO-AjNU
_bara
_erda
_cJO-AjNU
041 _aara
050 1 4 _aHF5381.J3858.1999
100 3 _aعبدالهادي،جودت عزت/سعيد حسني العزة,
_eauthor
_929062
245 0 0 _aالتوجيه المهني ونظرياته
250 _aط1
264 3 1 _aعمان:مكتبة دار الثقافة للنشر والتوزيع؛1999
300 _a257ص
_bيحتوي على ببلوغرافية من ص255-257ص
336 _atext
_btxt
_2rdacontent
337 _aunmediated
_bn
_2rdamedia
338 _avolume
_bnc
_2rdacarrier
650 4 _aالتوجيه المهني-التدريب-المهن-الارشاد المهني
_929063
999 _aA11350
_c14918
_d14918